| 000 | 00957nam a2200253 a 4500 | ||
|---|---|---|---|
| 001 | 000026814 | ||
| 005 | 20250131205118.0 | ||
| 008 | 110325s1948 dr r 000 | fre d | ||
| 040 |
_aDO-SdBNP _bspa _cBNPHU |
||
| 082 |
_aR 015.44 _bS237c |
||
| 110 | 1 |
_aSanto Domingo. _bUniversidad _953930 |
|
| 245 | 1 | 0 | _aCatálogo de libros y revistas. |
| 260 |
_aSanto Domingo : _bPol Hermanos, _c1948. |
||
| 300 |
_a70 p. ; _c23 cm. |
||
| 490 | 1 |
_aPublicaciones de la Universidad de Santo Domingo _v57 |
|
| 500 | _aIncluye índice de nombres. | ||
| 500 | _aDonado por el gobierno de Francia a la Universidad de Santo Domingo | ||
| 590 | _aInventariado, 2018/BT | ||
| 610 | 1 | 4 |
_aUNIVERSIDAD DE SANTO DOMINGO _vCATÁLOGOS _953931 |
| 650 | 4 |
_aLiteratura francesa _vBIBLIOGRAFÍA _vCATÁLOGOS _953932 |
|
| 710 | 2 | 2 |
_aUniversidad de Santo Domingo _937767 |
| 830 | 0 |
_aPublicaciones de la Universidad de Santo Domingo _v57 _9818 |
|
| 910 | _aValidado. Control de calidad MFF | ||
| 999 |
_c26306 _d26306 |
||